Statistics for Provinces of Taiwan by Picture

Click here to take the quiz!

General Stats

  • This quiz has been taken 21 times
  • The average score is 6 of 21

Answer Stats

Answer% Correct
New Taipei City
100%
Hualien
42%
Taipei City
42%
Taoyuan
42%
Nantou
37%
Taitung
37%
Kaohsiung City
26%
Kinmen
26%
Penghu
26%
Pingtung
26%
Tainan City
26%
Yilan
26%
Miaoli
21%
Chiayi
16%
Hsinchu
16%
Hsinchu City
16%
Taichung City
16%
Changhua
11%
Chiayi City
11%
Keelung City
11%
Yunlin
11%

Score Distribution

Percentile by Number Answered

Percent of People with Each Score

Your Score History

You have not taken this quiz